Guess the Harry Potter Movies by Scene #41 - Statistics

General Stats
  • This quiz has been taken 104 times
  • The average score is 18 of 20
Answer Stats
Picture Answer % Correct
Goblet of Fire
100%
Philosopher's Stone
100%
Chamber of Secrets
95%
Chamber of Secrets
95%
Philosopher's Stone
95%
Chamber of Secrets
90%
Chamber of Secrets
90%
Deathly Hallows – Part 1
90%
Deathly Hallows – Part 2
90%
Goblet of Fire
90%
Goblet of Fire
90%
Half-Blood Prince
90%
Half-Blood Prince
90%
Half-Blood Prince
90%
Order of the Phoenix
90%
Philosopher's Stone
90%
Philosopher's Stone
90%
Prisoner of Azkaban
90%
Deathly Hallows – Part 2
86%
Prisoner of Azkaban
86%
No matching quizzes found
Score Distribution
Percent of People with Each Score
Percentile by Number Answered
Your Score History
You have not taken this quiz